| 000 | 00577nam a2200181 i 4500 | ||
|---|---|---|---|
| 001 | 29745 | ||
| 003 | ES-MaACL | ||
| 005 | 20231224062912.0 | ||
| 007 | t| | ||
| 008 | 030122s1973 sp a |||| | spa d | ||
| 100 | 1 |
_aBaroja, Pío, _d1872-1956 _925752 |
|
| 245 | 1 | 0 |
_aAventuras, inventos y mixtificaciones de Silvestre Paradox / _cPío Baroja ; [ilustraciones de Julio Caro Baroja]. |
| 260 |
_aMadrid : _bCaro Raggio, _c[1973] |
||
| 300 |
_a353 p. : _bil. ; _c19 cm. |
||
| 700 | 1 |
_aCaro Baroja, Julio, _d1914-1995 _935403 |
|
| 852 |
_aES-MaACL _jC-54122 |
||
| 999 |
_c29745 _d29745 |
||